000 01074nam a2200241 i 4500
001 110785
003 ES-MaACL
005 20250809034607.0
007 t|
008 070125s1922 sp ||||1| spa d
080 _a343(075.8)
100 1 _aCarrara, Francesco (
_d1805-1888)
_935515
245 1 0 _aPrograma del curso de Derecho criminal
_b: desarrollado en la Real Academia de Pisa /
_cpor el profesor Francisco Carrara ; traducida de la 10ª edición italiana por la redacción de la Revista General de Legislación y Jurisprudencia.
260 _aMadrid :
_bHijos de Reus,
_c1922.
300 _a740 p. ;
_c23 cm.
490 1 _aBiblioteca jurídica de autores españoles y extranjeros ;
_v49
505 8 _aContiene: t. 1. Parte general/ adicionada con el derecho penal moderno y español por Luis Jiménez de Asúa
650 0 7 _aDerecho penal
_2embne
_911749
700 1 _aJiménez de Asúa, Luis,
_d1889-1970
_966491
830 0 _aBiblioteca jurídica de autores españoles y extranjeros ;
_v49
_9182228
852 _aES-MaACL
_jE-3066
999 _c110785
_d110785